| 000 | 01205nam a22002537a 4500 | ||
|---|---|---|---|
| 999 |
_c1033 _d1033 |
||
| 003 | AR-CdUCM | ||
| 008 | 190226b ||||| |||| 00| 0 spa d | ||
| 040 |
_aMUNICIPALIDAD PROVINCIAL DEL CUSCO _cBIBLIOTECA MUNICIPAL DEL CUSCO |
||
| 041 | _hger | ||
| 082 |
_a919 / _bK84 |
||
| 100 |
_aKrug, Hans Joachim _94018 |
||
| 245 | _aAustralia y Oceanía / | ||
| 260 |
_aMéxico : _b Unión Tipográfica Editorial Hispano Americana, _c1961. |
||
| 300 |
_aVII, 245 páginas ; _c16.5 cm. |
||
| 440 |
_aGeografía _n, 3. _94019 |
||
| 500 | _aEdición revisada por Vicente Salavert Roca. | ||
| 505 | _aContenido: AUSTRALIA -- Historia del descubrimiento -- Bases geográficas y geológicas -- Divisiones políticas -- Descripción física -- Clima -- Flora y fauna -- OCEANÍA -- Clima -- Flora y fauna -- Habitantes del mundo insular de OCEANÍA -- Melanesia, zona de transición y Polinesia -- Micronesia -- Polinesia -- Islas de Hawai o Sandwich ... | ||
| 650 |
_aAustralia - descripciones y viajes _94020 |
||
| 650 |
_aOceanía - descripciones y viajes _94021 |
||
| 650 |
_aSiglo XX _98 |
||
| 700 |
_aArago Cabañas, Arago Cabañas (Traductor) _94022 |
||
| 942 |
_2ddc _cLIBROS |
||
| 945 |
_alccs _d2019-02-26 |
||